000 00560nam a2200193Ia 4500
003 IN-BaIIA
008 211028s9999 xx 000 0 eng d
040 _cIIA Library
080 _a621.389.04
_bCAR
100 _aCarroll, John M.
_93872
245 0 _aDesign manual for transistor circuits
_cJohn M. Carroll
260 _aNew York
_bMcGraw-Hill
_c1961
300 _ax, 381p.
650 _aCircuits
_91974
650 _aNASA Thesaurus
650 _aRadio Electronics
650 _aTransistors
_93027
942 _cBK
999 _c2057
_d2057